01763nam a22002897a 4500001000400000003000400004005001700008008004100025020001500066040000800081041001300089082001500102100002500117240001900142245008300161260003700244300001100281520103300292650002501325650002001350650001001370650001301380650002101393655001201414655001601426700003101442170OSt20250528074013.0250130b |||||||g |||| 00| 1 eng d a8571238944 bpor hengapor a813bC771v1 aCook, Claire,d1955- aMust love dogs aVocê deve amar os cães / cCook, Claire ; Tradução de Gabriela Machado aSão PaulobNova Culturalc2004 a287 p. aApós ser trocada por uma mulher mais jovem, a professora Sarah Hurlihy tenta construir uma nova vida. Seu primeiro passo é responder ao anúncio do "homem irremediavelmente romântico" que a esperaria num café, com uma rosa amarela nas mãos. O resultado é chocante: à mesa está a última pessoa que ela imaginaria - ou desejaria - encontar. O passo seguinte é permitir que sua irmã publique um anúncio pessoal em seu nome descrevendo-a com "voluptosa e sensual". Estava aberto o caminho para um longo cortejo de homens solitários, estranhos e tão mentirosos - pelo menos na sua auto descrição - quanto ela. Agora Sarah precisa administrar os bizarros pretendentes que pululam ao seu redor, as intromissões de sua adorável família irlandesa e sua própria e gigantesca ansiedade. Tarefas que ela desempenha com doses generosas de humor e auto-ironia, ao mesmo tempo que descobre, espantada, que há romance, paixão e sexo - não necessariamente nessa ordem - após os quarenta anos. 0aLiteratura Americana 0aAmor e Paixão 0aHumor 0aAnimais  0aGrandes Amizades 0aRomance 0aFicção  aGabriela MachadoeTradutor